| 000 | 01124nam a2200253Ia 4500 | ||
|---|---|---|---|
| 999 |
_c54148 _d54148 |
||
| 001 | 21204 | ||
| 003 | GE_BSU | ||
| 005 | 20210723183702.0 | ||
| 008 | 181216s2008||||ge |||||||||||||| ||geo|| | ||
| 040 | _cGE_BSU | ||
| 041 | _ageo | ||
| 080 | _a347.44 ი-72 | ||
| 100 |
_aიოსელიანი, ნინო _912336 |
||
| 245 |
_aხელშეკრულების განმარტება / _cნინო იოსელიანი ; რედ. ზურაბ ძლიერიშვილი. |
||
| 264 |
_aთბილისი : _bბონა კაუზა, _c2008. |
||
| 300 |
_a94 გვ.; _c20 სმ. |
||
| 504 | _aბიბლიოგრაფია ტექსტების შენიშვნებში და გვ. : 69-73 | ||
| 541 | _h8ლ. | ||
| 546 | _aრეზიუმე ინგლისურ ენაზე | ||
| 653 | _aსამართალი | ||
| 653 | _aხელშეკრულების განმარტება | ||
| 700 |
_aძლიერიშვილი, ზურაბ _eრედაქტორი _98152 |
||
| 942 |
_cBK _2udc |
||